ICMS no Tribunal de Impostos e Taxas de São Paulo / (Record no. 191)

MARC details
000 -LÍDER
Campo Fixo de Controle 00990cam a2200253 a 4500
001 - NÚMERO DE CONTROLE
Campo de Controle 191
003 - IDENTIFICAÇÃO DO NÚMERO DE CONTROLE
Campo de Controle BR-CuiBMT
005 - DATA E HORA DA ÚLTIMA ATUALIZAÇÃO
Campo de Controle 20231111003541.0
008 - DADOS FIXOS
Dados Fixos 230828s2022 mgb 000 0 por d
020 ## - INTERNATIONAL STANDARD BOOK NUMBER
Nº do ISBN 9786555183191
040 ## - AGÊNCIA CATALOGADORA
Código da Agência Catalogadora BR-CuiBMT
Agência que transcreveu o registro BR-CuiBMT
080 ## - Nº DA CLASSIFICAÇÃO DECIMAL UNIVERSAL
Nº edição CDU 2007
Nº Class. CDU 366.22:352
Subd. Auxiliar Comum (815.6)
090 ## - NÚMERO DE CHAMADA
Nº classificação 366.22:352(815.6)
Cutter I17
245 00 - TÍTULO PRINCIPAL
Título principal ICMS no Tribunal de Impostos e Taxas de São Paulo /
Indicação de responsabilidade Alexandre Evaristo Pinto ... [et al.] coordenadores ; prefácio Ives Gandra da Silva Martins ; apresentação Valter de Souza Lobato ; [autores Adriana Stamato ... et al.].
260 ## - PUBLICAÇÃO, DISTRIBUIÇÃO, ETC.
Local de publicação Belo Horizonte :
Editora Fórum,
Data 2022.
300 ## - DESCRIÇÃO FÍSICA
N. páginas ou volumes 525 p. ;
Dimensões 22 cm
500 ## - NOTAS GERAIS
Notas gerais Vários autores.
504 ## - NOTA DE BIBLIOGRAFIA, ETC.
Nota de bibliografia Inclui bibliografia.
650 ## - ASSUNTO TÓPICO
Cabeçalho tópico ou nome geográfico Imposto sobre circulação de mercadorias e serviços (ICMS)
Subdivisão geográfica São Paulo
650 ## - ASSUNTO TÓPICO
Cabeçalho tópico ou nome geográfico Direito tributário
Subdivisão geral Impostos estaduais
700 1# - ENTRADA SECUNDÁRIA -- NOME PESSOAL
Nome pessoal Pinto, Alexandre Evaristo
Cód. do termo explicativo et al.
-- coord.
700 1# - ENTRADA SECUNDÁRIA -- NOME PESSOAL
Nome pessoal Stamato, Adriana
Termo de relação et al.
-- autores
942 ## - ELEMENTOS DE ENTRADA ADICIONAIS (KOHA)
Fonte de classificação ou esquema de arquivamento Classificação Decimal Universal
Tipo de item do Koha Livros
Holdings
Estado: removido Estado: perdido Fonte de classificação ou esquema de arquivamento Estado: danificado Indisponível para empréstimo Localização permanente Localização atual Data de aquisição Total Checkouts Número de Chamada completo Código de barras Date last seen Número do exemplar Preço efetivo a partir de Tipo de item (Koha)
    Classificação Decimal Universal     Biblioteca da Escola Superior de Contas do TCE/MT Biblioteca da Escola Superior de Contas do TCE/MT 28/07/2023   366.22:352(815.6) I17 BIBTCEMT23080168 28/08/2023 Ex. 1 28/08/2023 Livros

Powered by Koha